000 00876nmm a2200277 a 4500
003 AR-BaBNM
005 20251128211335.0
008 284020s2000 ||||||||||||||000 | spa||
020 _a950-531-174-5
040 _cAR-BaBNM
100 1 _aNaveiras, Daniel
245 1 0 _aJuegos sociales
_bnuevo enfoque teórico-práctico. Investigación-acción
260 _aBuenos Aires
_bStadium
_c2000
300 _a144 p.
_bil. fot., cuadros
500 _aContiene una carta abierta a los lectores en p. 139
504 _aContiene bibliografía de base en p. 142
504 _aContiene bibliografía complementaria en p. 144
650 4 _aJUEGO [METODO DE ENSENANZA]
650 4 _aJUEGOS INFANTILES
650 4 _aINTERACCION SOCIAL
650 4 _aRELACION ALUMNO-DOCENTE
650 4 _aRELACION FAMILIA-ESCUELA
650 4 _aIMAGINACION
942 _cBK
998 _cEugenia
999 _c19237
_d19237